| 000 | 00853cam a2200253 a 4500 | ||
|---|---|---|---|
| 003 | EG-GiCUC | ||
| 008 | 151217s1993 xx g 000 0 ara d | ||
| 040 |
_aEG-GiCUC _bara _cEG-GiCUC |
||
| 092 | 0 | 4 |
_a247 _bQ11 _221 |
| 099 |
_a04 _a247 Q11 |
||
| 100 | 1 | _aقدوح : انعام احمد | |
| 245 | 1 | 2 |
_aالتشيع و التصوف : _bلقاء أم افتراق / _cانعام احمد قدوح |
| 250 | _aط1 | ||
| 260 |
_a[د.م] : _bمركز جواد : _c1993 |
||
| 300 |
_a211ص ؛ _c24سم |
||
| 504 | _aيشتمل على ارجاعات ببليوجرافية | ||
| 650 | 7 |
_aالتصوف الاسلامى _2qrmak |
|
| 650 | 7 |
_aالشيعة _2qrmak |
|
| 902 | _a1 | ||
| 905 |
_aابراهيم _eمراجع |
||
| 905 |
_aرضا _eمدخل |
||
| 942 |
_2ddc _cBK |
||
| 999 |
_c141894 _d141894 |
||